| 000 | 01574nam a2200253Ia 4500 | ||
|---|---|---|---|
| 999 |
_c49546 _d49546 |
||
| 001 | 16476 | ||
| 003 | GE_BSU | ||
| 005 | 20200129160220.0 | ||
| 008 | 181216s2015|||| |||||||||||||| ||geo|| | ||
| 020 | _a9789941460098 | ||
| 041 | _ageo | ||
| 080 | _a597.2/.5 გ-59 | ||
| 100 |
_aგოგმაჩაძე, თემურ _9118 |
||
| 245 |
_c / თემურ გოგმაჩაძე ; სარედ. კოლეგია: ირაკლი ელაივა (მთ.რედ) [და სხვ.] _aშავი ზღვის აღმოსავლეთ ნაწილის,ანატოლიის სანაპირო შელფის და საქართველოს შიგაწყალსატევების იხთიოფაუნა,გენეზისი,ბიოლოგია,დღევანდელი მდგომარეობა და დაცვა : |
||
| 264 |
_aბათუმი : _bგამ-ბა აჭარა, _c2015. |
||
| 300 |
_a355 გვ .; _bცხრ .; _c 22 სმ |
||
| 504 | _aბიბლიოგრ.: გვ. 312-335 | ||
| 546 | _aსათაური ინგლისურ და რუსულ ენაზე | ||
| 653 | _aზოოლოგია | ||
| 653 | _aიხთიოლოგია | ||
| 653 | _aსაქართველოს შავი ზღვის იხტიოფაუნა. | ||
| 700 |
_a ელაივა, ირაკლი _eმთავარი რედაქტორი _96489 |
||
| 942 |
_cBK _2udc |
||